000 00546nmm a2200181Ia 4500
008 251105s9999||||xx |||||||||||||||||und||
020 _a9788497887779
041 _aspa
100 _aFernández Ramírez, Baltasar
245 0 _aPsicología de la ciudad
264 _a[Madrid, España] :
_bUniversitat Oberta de Catalunya,
_c2008
300 _a184 páginas
650 _aPsychology
700 _aFernández Ramírez, Baltasar
700 1 _a Vidal i Moranta, Tomeu
856 _uhttps://public.digitaliapublishing.com/a/20500
942 _cCF
999 _c65365
_d65365